| 000 | 01141nam a22003377a 4500 | ||
|---|---|---|---|
| 001 | BR8102877 | ||
| 003 | BR-BrBNA | ||
| 005 | 20230928090945.0 | ||
| 007 | ta | ||
| 008 | 230509b bl.||||| |||| 00| 0 por d | ||
| 040 |
_aBR-BrBNA _bpor _cBiblioteca Nacional de Agricultura |
||
| 041 | _a(Por) | ||
| 072 |
_aE70 _b0120 _b0430 _b/G514 |
||
| 090 | _ 0120 BR8102877 | ||
| 100 | 1 | _aSantos, A.R. | |
| 100 | 1 | _aOliveira, L.S. | |
| 110 | 1 |
_aFundacao Estadual de Planejamento Agricola do Rio Grande do Norte, Natal (Brasil) _94891 |
|
| 245 | 1 | _aEscoamento da producao de milho e algodao e sistema de transporte rodoviario no Rio Grande do Norte [Zea mays; Gossypium spp; Brasil] | |
| 246 | 1 | _a[Maize and cotton production outlet and highway transport system in Rio Grande do Norte [Zea mays; Gossypium spp; Brazil]] | |
| 260 | 3 |
_aNatal, RN (Brasil): _c1980. |
|
| 300 | _a50 p. | ||
| 500 | _a39 tables | ||
| 650 | _aComercializacao | ||
| 650 | _aMilho | ||
| 650 | _aAlgodao | ||
| 650 | _aAbastecimento | ||
| 650 | _aTransporte rodoviario | ||
| 650 | _aRio Grande do Norte | ||
| 909 |
_a202309 _bLucia _c55 _dLucia Elande |
||
| 942 | _cBK | ||
| 999 |
_c31455 _d31455 |
||